000 00868nam a2200217Ii 4500
003 JO-AjNU
008 230605s9999||||xx |||||||||||||| ||und||
017 _a2012/10/3684
020 _a978-9957-19-311-9
040 _aJO-AjNU
_bara
_erda
_cJO-AjNU
041 _aara
050 1 4 _aPJ7507.T343 2013
100 3 _aنصر الله، ابراهيم؛ م.مشارك: ليلى الأطرش؛ صبحي فحماوي وأخرون؛ت قديم خالد عبد الرؤوف الجبر,
_eauthor
_949598
245 0 0 _aتجارب روائية وقضايا نقدية
264 3 1 _aعمان:مؤسسة عبد الحميد شومان، 2012
300 _a144ص
336 _atext
_btxt
_2rdacontent
337 _aunmediated
_bn
_2rdamedia
338 _avolume
_bnc
_2rdacarrier
650 4 _aالقصص العربية-النقد الأدبي- التحليل الادبي
_949599
999 _aA21794
_c25362
_d25362